Nombres de estadios de fútbol - Estadísticas

Estadísticas generales
  • Esta prueba ha sido intentada 881 veces
  • La puntuación promedio es 13 de 20
Estadísticas de respuestas
Hint Respuesta % Correcto
FC Barcelona Camp Nou
97%
Liverpool Anfield
91%
Boca Juniors La Bombonera
89%
Manchester United Old Trafford
88%
Milán San Siro
86%
Bayern Munich Allianz Arena
83%
Atlético de Madrid (Antiguo) Vicente Calderón
82%
Sevilla Sánchez Pizjuán
79%
Chelsea Stamford Bridge
77%
Real Sociedad Anoeta
68%
Osasuna El Sadar
63%
Celta de Vigo Balaídos
61%
Sporting Gijón El Molinón
57%
Roma/Lazio Olímpico de Roma
53%
Borussia Dortmund Signal Iduna Park
53%
PSG Parc des Princes
50%
Benfica Estadio da Luz
47%
Everton Goodison Park
40%
Newcastle Saint James Park
37%
Ájax Amsterdam Arena
29%
No se encontraron pruebas coincidentes
Distribución de puntuación
Porcentaje de gente con cada puntuación
Porcentaje por número respondido
Historial de tus puntuaciones
No has intentado esta prueba.